Associez ces hommes à leur année de naissance - Clic Quiz - Statistiques

Statistiques générales
  • Ce quiz a été pris 69 fois
  • Le résultat moyen est 17 sur 100
Statistiques - réponses
Hint Réponse % Correct
Kylian Mbappé 1998
48%
Emmanuel Macron 1977
42%
Zinédine Zidane 1972
40%
Leonardo DiCaprio 1974
38%
Johnny Hallyday 1943
34%
Michael Jackson 1958
34%
Cristiano Ronaldo 1985
34%
Louis de Funès 1914
32%
Bilal Hassani 1999
32%
Charles Aznavour 1924
30%
Michel Drucker 1942
30%
Gérard Depardieu 1948
30%
Brad Pitt 1963
30%
Kev Adams 1991
30%
Walt Disney 1901
28%
Jean-Pierre Pernaut 1950
28%
Jordan Bardella 1995
28%
John Lennon 1940
26%
Tom Cruise 1962
26%
François Mitterrand 1916
24%
Valéry Giscard d'Estaing 1926
24%
Bruce Willis 1955
24%
Antoine de Saint-Exupéry 1900
22%
Jacques Chirac 1932
22%
Pierre Richard 1934
22%
Alain Delon 1935
22%
Christian Clavier 1952
22%
Jamel Debbouze 1975
22%
Omar Sy 1978
22%
Roger Federer 1981
22%
Pierre Niney 1989
22%
Nelson Mandela 1918
20%
Hugues Aufray 1929
20%
Jean-Paul Belmondo 1933
20%
Claude François 1939
20%
Michel Sardou 1947
20%
Thierry Ardisson 1949
20%
Soprano 1979
20%
Florent Manaudou 1990
20%
Justin Bieber 1994
20%
Serge Gainsbourg 1928
18%
Clint Eastwood 1930
18%
Patrick Sébastien 1953
18%
Jean-Luc Reichmann 1960
18%
Dany Boon 1966
18%
Will Smith 1968
18%
Gad Elmaleh 1971
18%
Michaël Youn 1973
18%
Philippe Lacheau 1980
18%
Rayane Bensetti 1993
18%
Kendji Girac 1996
18%
Bourvil 1917
16%
Georges Brassens 1921
16%
Michel Polnareff 1944
16%
Jean-Jacques Goldman 1951
16%
Patrick Bruel 1959
16%
Pascal Obispo 1965
16%
Julien Doré 1982
16%
Freddie Mercury 1946
14%
Jean-Marie Bigard 1954
14%
Kad Merad 1964
14%
Nikos Aliagas 1969
14%
Gims 1986
14%
Artus 1987
14%
Tibo InShape 1992
14%
Georges Clooney 1961
12%
David Guetta 1967
12%
Mika 1983
12%
Fernandel 1903
10%
Jean Gabin 1904
10%
Jean-Paul Sartre 1905
10%
Georges Pompidou 1911
10%
Jean Marais 1913
10%
Pierre Mondy 1925
10%
Aimé Jacquet 1941
10%
Martin Fourcade 1988
10%
Mastu 1997
10%
Frank Sinatra 1915
8%
Michel Galabru 1922
8%
James Dean 1931
8%
Joe Dassin 1938
8%
Gérard Lenorman 1945
8%
Amir 1984
8%
Tino Rossi 1907
6%
Robert Doisneau 1912
6%
Gilbert Bécaud 1927
6%
Claude Brasseur 1936
6%
Morgan Freeman 1937
6%
Mel Gibson 1956
6%
Jean-Yves Lafesse 1957
6%
Matt Damon 1970
6%
Charles Lindbergh 1902
4%
Jean Lefebvre 1919
4%
Boris Vian 1920
4%
Luchino Visconti 1906
2%
Jean Anouilh 1910
2%
Ryan Reynolds 1976
2%
Ian Fleming 1908
0%
Alain Poher 1909
0%
Alan Shepard 1923
0%
Aucun quiz correspondant
Distribution des résultats
% des personnes avec chaque résultat
Percentile par nombre de réponses
Votre historique - résultats
Vous n’avez pas pris ce quiz